00655cam a22002291 45000010008000000030004000080050017000120080041000290100017000700350018000870400026001050420012001310500017001430820015001601000026001752450011002012600062002123000018002744900077002925040027003696000029003967020534OSt20190122120914.0740620s1960 pau b 000 0 eng  a 60006804  a(OCoLC)925144 aDLCcOClUdOCoLCdDLC apremarc00aB945.D44bC5 a191bC592D1 aClark, Gordon Haddon.10aDewey. aPhiladelphia,bPresbyterian and Reformed Pub. Co.,c1960. a69 p.c24 cm.0 aInternational library of philosophy and theology. Modern thinkers series aIncludes bibliography.10aDewey, John,d1859-1952.